000 00636cam a22001814a 4500
005 20250605164349.0
008 250528s ||||||||||||||||||||||||d
035 _a24054
040 _aGR-AtMCL
_bgre
_dGR-AtMCL
_eAACR2
245 1 _aGreen Shoots / Dyemansion and the Green Deal Recovery
260 _c2020
300 _a34
520 _aGreen Shoots, A 3D Printed Object D'Art, Stripped Bac, The Right Track, Additive is a Lighthouse, Sustainability Special, Areno's Framework, On Top Form, Leave It to the Pros, Re-Designing Education.
700 1 _aGriffiths Laura
_99377
942 _cCR
999 _c8954
_d8954